Normal view
MARC view
Entry Topical Term
001 - CONTROL NUMBER
- control field: 42269
003 - CONTROL NUMBER IDENTIFIER
- control field: ARRUPE
005 - DATE AND TIME OF LATEST TRANSACTION
- control field: 20180918104715.0
008 - FIXED-LENGTH DATA ELEMENTS
- fixed length control field: 180918|| aca||aabn | a|a d
040 ## - CATALOGING SOURCE
- Original cataloging agency: ARRUPE
- Transcribing agency: ARRUPE
150 ## - HEADING--TOPICAL TERM
- Topical term or geographic name as entry element: Chastity.
670 ## - SOURCE DATA FOUND
- Source citation: Work cat.: (ARRUPE)83526: Mersch, Émile, 1890-1940. 42267, Love, marriage and chastity,, 1939.